Konference doktorandů na Vysoké škole finanční a správní 2025 prezentace výsledků společenskovědního výzkumu s ekonomickými a finančními efekty (12. ročník)

Salvato in:
Dettagli Bibliografici
Ente Autore: Konference doktorandů na Vysoké škole finanční a správní 2025
Altri autori: Crnadak, Oskar, Čáp, Jan
Natura: Libro
Lingua:ceco
inglese
slovacco
Pubblicazione: Praha Vysoká škola finanční a správní 2025
Edizione:1. vydání
Soggetti:
Tags: Aggiungi Tag
Nessun Tag, puoi essere il primo ad aggiungerne!!

MARC

LEADER 00000nlm a2200000 4500
001 0313955
005 20260113090642.8
020 |a 978-80-7408-291-7 
041 0 |a cze 
041 0 |a eng 
041 0 |a slo 
044 |a CZ 
245 1 0 |a Konference doktorandů na Vysoké škole finanční a správní 2025  |b prezentace výsledků společenskovědního výzkumu s ekonomickými a finančními efekty (12. ročník)  |c recenzovali: Oskar Crnadak, Jan Čáp ... [et al.] 
250 |a 1. vydání 
264 1 |a Praha  |b Vysoká škola finanční a správní  |c 2025 
300 |a 200 s. 
610 2 0 |a vedy spoločenské 
610 2 0 |a správa verejná 
610 2 0 |a výskum 
610 2 0 |a ekonómia 
610 2 0 |a financie 
700 1 |a Crnadak, Oskar 
700 1 |a Čáp, Jan 
110 2 |a Konference doktorandů na Vysoké škole finanční a správní 2025